000 00204 a2200097 4500
001 8608
100 _aM Amin
245 _aIslamistions of laws in Pak
260 _a
_bSang-e-Meel
_c
090 _c6931
_d6931
942 _aNUST-CAE
_cM
_c33524
999 _c243681
_d243681